[Event "Rochefort op 5th"]
[Site "Rochefort"]
[Date "2006.02.15"]
[Round "2"]
[White "Coste, Thierry"]
[Black "Vasilev, Milen"]
[Result "0-1"]
[WhiteElo "2227"]
[BlackElo "2451"]
[PlyCount "56"]
[EventDate "2006.02.15"]
[EventType "swiss"]
[EventRounds "9"]
[EventCountry "FRA"]
[SourceTitle "EXT 2007"]
[Source "ChessBase"]
[SourceDate "2006.11.23"]
[SourceVersion "1"]
[SourceVersionDate "2006.11.23"]
[SourceQuality "1"]

1. e4 c5 2. Nf3 d6 3. d4 cxd4 4. Nxd4 Nf6 5. Nc3 g6 6. Be2 Bg7 7. 0-0 0-0 8. Nb3 Nc6 9. Bg5 a5 10. a4 Be6 11. f4 Rc8 12. Kh1 Nb4 13. Nd4 Bc4 14. Ndb5 Qb6 15. Bh4 Qc5 16. Na3 Bxe2 17. Qxe2 Rfe8 18. e5 Nfd5 19. Rf3 dxe5 20. Ne4 Qc6 21. fxe5 Nxc2 22. Rd1 Nxa3 23. bxa3 Bxe5 24. Bg3 Bxg3 25. Rxg3 Nf6 26. Ng5 h6 27. Nf3 Ne4 28. Rg4 Nc3 0-1

[Event "FRA-chT2B 0506"]
[Site "France"]
[Date "2006.01.15"]
[Round "6.6"]
[White "Coste, Thierry"]
[Black "Briet, Guillaume"]
[Result "0-1"]
[WhiteElo "2227"]
[BlackElo "2149"]
[PlyCount "98"]
[EventDate "2005.10.27"]
[EventType "team-tourn"]
[EventRounds "11"]
[EventCountry "FRA"]
[SourceTitle "EXT 2006"]
[Source "ChessBase"]
[SourceDate "2005.11.24"]
[SourceVersion "1"]
[SourceVersionDate "2005.11.24"]
[SourceQuality "1"]
[WhiteTeam "Clichy II"]
[BlackTeam "Lille"]
[WhiteTeamCountry "FRA"]
[BlackTeamCountry "FRA"]

1. Nf3 Nf6 2. d4 c5 3. e3 e6 4. Bd3 Nc6 5. 0-0 d5 6. b3 cxd4 7. exd4 Be7 8. Re1 0-0 9. a3 Re8 10. Bb2 Nd7 11. Nbd2 Bf6 12. c4 Nb6 13. c5 Nd7 14. b4 e5 15. dxe5 Ncxe5 16. Nxe5 Nxe5 17. Bxe5 Rxe5 18. Bxh7+ Kf8 19. Qc2 g6 20. Bxg6 fxg6 21. Qxg6 Bf5 22. Qh6+ Bg7 23. Qf4 Qf6 24. Nf3 Re4 25. Qc7 Qe7 26. Qxe7+ Rxe7 27. Rxe7 Kxe7 28. Rd1 Be6 29. Nd4 Kd7 30. f3 a5 31. g4 axb4 32. axb4 Ra4 33. Nf5 Bf8 34. Kg2 Rxb4 35. h4 Bxc5 36. h5 d4 37. h6 Bxf5 38. gxf5 Bd6 39. Rd2 Be5 40. Kh3 Rb6 41. f4 Rxh6+ 42. Kg4 Bf6 43. Kf3 Kd6 44. Rb2 Kc6 45. Rc2+ Kd5 46. Rb2 Rh3+ 47. Kg4 Rh7 48. Rb5+ Ke4 49. Rb6 Rg7+ 0-1

[Event "Chateauroux op"]
[Site "Chateauroux"]
[Date "2005.11.12"]
[Round "3"]
[White "Coste, Thierry"]
[Black "Dudognon, Julien"]
[Result "0-1"]
[WhiteElo "2500"]
[BlackElo "2019"]
[PlyCount "82"]
[EventDate "2005.10.30"]
[EventType "swiss"]
[EventRounds "7"]
[EventCountry "FRA"]
[SourceTitle "EXT 2007"]
[Source "ChessBase"]
[SourceDate "2006.11.23"]
[SourceVersion "1"]
[SourceVersionDate "2006.11.23"]
[SourceQuality "1"]

1. d4 Nf6 2. c4 g6 3. Nf3 Bg7 4. Nc3 c5 5. d5 e6 6. e4 exd5 7. cxd5 d6 8. Be2 0-0 9. Nd2 Re8 10. 0-0 a6 11. a4 Nbd7 12. Qc2 Rb8 13. Rb1 Ne5 14. h3 Qa5 15. f4 Ned7 16. Nc4 Qc7 17. Nd2 Nb6 18. b3 Bd7 19. Bb2 Nc8 20. Ra1 b5 21. a5 b4 22. Nd1 Bb5 23. Bxb5 Rxb5 24. f5 Qe7 25. fxg6 hxg6 26. Nf2 Nh5 27. Bxg7 Kxg7 28. Ng4 Rf8 29. Qd3 Qh4 30. Rf3 Qg5 31. g3 f5 32. Raf1 Ne7 33. h4 Qxg4 34. R1f2 Nf6 35. Rf4 Qh5 36. Nf3 fxe4 37. Qe3 Nexd5 38. g4 Nxe3 39. gxh5 exf3 40. R4xf3 Neg4 41. Rg2 gxh5 0-1

[Event "St Chely d'Aubrac op 5th"]
[Site "St Chely d'Aubrac"]
[Date "2005.07.13"]
[Round "6"]
[White "Coste, Thierry"]
[Black "Riff, Sebastien"]
[Result "1-0"]
[WhiteElo "2200"]
[BlackElo "2216"]
[PlyCount "81"]
[EventDate "2005.07.09"]
[EventType "swiss"]
[EventRounds "9"]
[EventCountry "FRA"]
[SourceTitle "CBM 107 Extra"]
[Source "ChessBase"]
[SourceDate "2005.09.01"]
[SourceVersion "1"]
[SourceVersionDate "2005.09.01"]
[SourceQuality "1"]

1. e4 c5 2. Nf3 e6 3. d4 cxd4 4. Nxd4 Nf6 5. Nc3 d6 6. Be3 Nc6 7. Qd2 Be7 8. f3 0-0 9. g4 Nd7 10. 0-0-0 a6 11. Kb1 Qc7 12. g5 b5 13. Nxc6 Qxc6 14. Ne2 Bb7 15. h4 d5 16. h5 Bc5 17. g6 Bxe3 18. Qxe3 h6 19. Bh3 f5 20. exd5 exd5 21. Nd4 Qf6 22. Nxf5 Ne5 23. Nxh6+ Kh8 24. Ng4 Nxg4 25. Bxg4 Rae8 26. Qd3 Qf4 27. a3 Re3 28. Qd4 Qxd4 29. Rxd4 Rfe8 30. Rf4 Bc6 31. Rf7 d4 32. Bd7 Re1+ 33. Rxe1 Rxe1+ 34. Ka2 Bd5+ 35. b3 Kg8 36. Rf4 d3 37. cxd3 Re2+ 38. Ka1 Bxb3 39. Bc8 Ra2+ 40. Kb1 Re2 41. Bxa6 1-0